Valorant Agent Ultimates - Statistics

General Stats
  • This quiz has been taken 3,638 times
  • The average score is 13 of 17
Answer Stats
Question Answer % Correct
Killjoy Lockdown
94%
Phoenix Run It Back
91%
Reyna Empress
89%
Yoru Dimensional Drift
88%
Sova Hunter's Fury
88%
Brimstone Orbital Strike
84%
Raze Showstopper
83%
Jett Blade Storm
81%
Cypher Neural Theft
81%
Astra Cosmic Divide
79%
Viper Viper's Pit
79%
Breach Rolling Thunder
78%
Chamber TOUR DE FORCE
78%
Neon Overdrive
77%
Sage Resurrection
65%
KAY/O NULL/CMD
54%
Skye Seekers
39%
No matching quizzes found
Score Distribution
Percent of People with Each Score
Percentile by Number Answered
Your Score History
You have not taken this quiz